[Event "Schachsommer 2019"]
[Site "Dresden"]
[Date "2019.08.14"]
[Round "5.4"]
[White "Mirimanian, Hayk"]
[Black "Dann, Matthias"]
[Result "1/2-1/2"]
[WhiteElo "2240"]
[BlackElo "2527"]
[Annotator "ChessBase"]
[PlyCount "139"]
[EventDate "2019.08.10"]
[EventType "swiss"]
[EventCountry "GER"]
[SourceTitle "playchess.com"]
[Source "ChessBase"]
[SourceQuality "1"]
[TimeControl "40/5400+30:1800+30"]

1. e4 {[%emt 1:30:08]} d6 {[%emt 1:30:23]} 2. Nc3 {[%emt 1:25:14]} c5 {[%emt 1:30:28]} 3. Nf3 {[%emt 1:30:58]} Nf6 {[%emt 1:30:52]} 4. d4 {[%emt 1:25:49]} cxd4 {[%emt 1:31:16]} 5. Nxd4 {[%emt 1:26:15]} a6 {[%emt 1:31:01]} 6. g3 {[%emt 1:24:16]} g6 {[%emt 1:30:25]} 7. Bg2 {[%emt 1:24:31]} Bg4 {[%emt 1:30:20]} 8. Nce2 {[%emt 1:30:50]} Bg7 {[%emt 1:21:33]} 9. h3 {[%emt 1:21:19]} Bd7 {[%emt 1:21:49]} 10. O-O {[%emt 1:21:33]} Nc6 {[%emt 1:29:53]} 11. Be3 {[%emt 1:17:51]} Rc8 {[%emt 1:27:35]} 12. Qd2 {[%emt 1:28:05]} O-O {[%emt 1:16:19]} 13. g4 {[%emt 1:27:40]} Qc7 {[%emt 1:22:29]} 14. Rac1 {[%emt 1:00:19]} b5 {[%emt 1:19:00]} 15. b3 {[%emt 0:50:16]} e5 {[%emt 1:08:57]} 16. Nxc6 {[%emt 0:49:40]} Bxc6 {[%emt 1:09:24]} 17. Ng3 {[%emt 0:37:14]} Qb7 {[%emt 1:09:49]} 18. Qd3 {[%emt 0:35:42]} d5 {[%emt 1:09:54]} 19. exd5 {[%emt 0:34:08]} Nxd5 {[%emt 1:05:38]} 20. c4 {[%emt 0:34:12]} Nf4 {[%emt 0:53:22]} 21. Bxc6 {[%emt 0:34:19]} Rxc6 {[%emt 0:53:39]} 22. Qe4 {[%emt 0:30:01]} f5 {[%emt 0:45:01]} 23. Qh1 {[%emt 0:29:46]} Qd7 {[%emt 0:45:26]} 24. Rcd1 {[%emt 0:18:35]} Qc8 {[%emt 0:42:11]} 25. cxb5 {[%emt 0:17:38]} axb5 {[%emt 0:18:08]} 26. gxf5 {[%emt 0:17:38]} Kh8 {[%emt 0:38:01]} 27. Bxf4 {[%emt 0:15:16]} exf4 {[%emt 0:38:24]} 28. f6 {[%emt 0:15:36]} Rcxf6 {[%emt 0:34:40]} 29. Ne4 {[%emt 0:15:38]} Ra6 {[%emt 0:16:08]} 30. Qf3 {[%emt 0:14:47]} Rxa2 {[%emt 0:35:20]} 31. Rd5 {[%emt 0:13:28]} b4 {[%emt 0:30:23]} 32. Rfd1 {[%emt 0:13:20]} Ra7 {[%emt 0:30:10]} 33. Rb5 {[%emt 0:10:58]} Bc3 {[%emt 0:11:28]} 34. Rd3 {[%emt 0:08:53]} Rc7 {[%emt 0:24:21]} 35. Rbd5 {[%emt 0:24:51]} Qe6 {[%emt 0:20:26]} 36. Kh2 {[%emt 0:06:53]} Bg7 {[%emt 0:07:23]} 37. Ng5 {[%emt 0:01:30]} Qe7 {[%emt 0:20:33]} 38. Ne4 {[%emt 0:01:37]} h6 {[%emt 0:20:04]} 39. Rd6 {[%emt 0:01:11]} Re8 {[%emt 0:20:00]} 40. Nd2 {[%emt 0:01:30]} Kh7 {[%emt 0:08:04]} 41. Nc4 {[%emt 0:25:50]} g5 {[%emt 0:26:20]} 42. Rb6 {[%emt 0:26:28]} Qe2 {[%emt 0:21:10]} 43. Rxb4 {[%emt 0:17:30]} Qxf3 {[%emt 3:59:00]} 44. Rxf3 {[%emt 1:29:56]} Re2 {[%emt 0:18:25]} 45. Kg2 {[%emt 0:17:44]} Bd4 {[%emt 0:19:05]} 46. Nd6 {[%emt 0:14:57]} Ba7 {[%emt 0:15:08]} 47. Re4 {[%emt 0:15:09]} Rcc2 {[%emt 0:15:15]} 48. Rxe2 {[%emt 0:14:53]} Rxe2 {[%emt 0:15:41]} 49. Kf1 {[%emt 0:16:11]} Ra2 {[%emt 0:12:32]} 50. Nb5 {[%emt 0:13:23]} Bb6 {[%emt 0:12:26]} 51. Nc3 {[%emt 0:13:43]} Ra1+ {[%emt 0:07:54]} 52. Ke2 {[%emt 0:12:52]} Kg6 {[%emt 0:08:20]} 53. Rd3 {[%emt 0:10:24]} Kf5 {[%emt 0:08:22]} 54. Kf3 {[%emt 0:08:52]} Rh1 {[%emt 0:08:31]} 55. Kg2 {[%emt 0:07:19]} Rc1 {[%emt 0:07:49]} 56. Kf3 {[%emt 0:07:30]} h5 {[%emt 0:07:36]} 57. Rd5+ {[%emt 0:06:22]} Ke6 {[%emt 0:08:01]} 58. Rd3 {[%emt 0:06:21]} Rc2 {[%emt 0:04:35]} 59. Ne4 {[%emt 0:06:17]} Ke5 {[%emt 0:04:54]} 60. Rd2 {[%emt 0:05:24]} g4+ {[%emt 0:05:03]} 61. hxg4 {[%emt 0:06:12]} hxg4+ {[%emt 0:05:28]} 62. Kxg4 {[%emt 0:06:36]} Rxd2 {[%emt 0:05:55]} 63. Nxd2 {[%emt 0:07:00]} Bxf2 {[%emt 0:06:22]} 64. Kf3 {[%emt 0:07:20]} Be3 {[%emt 0:06:39]} 65. Ne4 {[%emt 0:07:06]} Kd5 {[%emt 0:06:58]} 66. Nf6+ {[%emt 0:07:25]} Kc5 {[%emt 0:07:23]} 67. Nh5 {[%emt 0:07:52]} Kb4 {[%emt 0:07:50]} 68. Nxf4 {[%emt 0:08:19]} Bxf4 {[%emt 0:08:16]} 69. Kxf4 {[%emt 0:08:46]} Kxb3 {[%emt 0:08:41]} 70. Ke4 1/2-1/2

[Event "Schachsommer 2019"]
[Site "Dresden"]
[Date "2019.08.14"]
[Round "5.5"]
[White "Dietz, Kristin"]
[Black "Mkrtchian, Lilit"]
[Result "0-1"]
[WhiteElo "1904"]
[BlackElo "2395"]
[Annotator "NA"]
[PlyCount "82"]
[EventDate "2019.08.10"]
[EventType "swiss"]
[EventCountry "GER"]
[SourceTitle "playchess.com"]
[Source "ChessBase"]
[SourceQuality "1"]
[TimeControl "40/5400+30:1800+30"]

1. e4 {[%emt 1:30:27]} c6 {[%emt 1:30:03]} 2. c4 {[%emt 1:30:30]} e5 {[%emt 1:28:40]} 3. Nf3 {[%emt 1:29:10]} d6 {[%emt 1:28:57]} 4. d4 {[%emt 1:30:04]} Nd7 {[%emt 1:26:09]} 5. Be2 {[%emt 1:29:42]} Ngf6 {[%emt 1:25:00]} 6. Nc3 {[%emt 1:29:50]} g6 {[%emt 1:24:11]} 7. O-O {[%emt 1:29:09]} Bg7 {[%emt 1:24:33]} 8. Be3 {[%emt 1:26:04]} O-O {[%emt 1:24:05]} 9. Qc2 {[%emt 1:23:57]} exd4 {[%emt 1:03:18]} 10. Nxd4 {[%emt 1:21:31]} Qe7 {[%emt 1:03:29]} 11. Nb3 {[%emt 1:09:00]} Re8 {[%emt 0:56:51]} 12. Bd3 {[%emt 1:07:38]} Ne5 {[%emt 0:49:28]} 13. Bg5 {[%emt 0:49:58]} Qe6 {[%emt 1:02:24]} 14. Nd2 {[%emt 0:59:18]} h6 {[%emt 0:29:47]} 15. Bh4 {[%emt 0:30:17]} Qg4 {[%emt 0:25:49]} 16. Bg3 {[%emt 0:26:19]} Qe6 {[%emt 0:25:37]} 17. Rae1 {[%emt 0:55:15]} Nh5 {[%emt 0:25:46]} 18. f4 Nxg3 {[%emt 0:25:32]} 19. hxg3 {[%emt 0:47:53]} Ng4 {[%emt 0:25:33]} 20. Nf3 {[%emt 0:47:52]} Qe7 {[%emt 0:24:06]} 21. f5 {[%emt 0:35:23]} Be5 {[%emt 0:18:10]} 22. Nxe5 {[%emt 0:29:58]} Qxe5 {[%emt 0:18:28]} 23. Rf3 {[%emt 0:26:50]} Bxf5 {[%emt 0:17:20]} 24. Qe2 {[%emt 0:22:11]} Qc5+ {[%emt 0:22:41]} 25. Kh1 {[%emt 0:21:43]} Bxe4 {[%emt 0:12:01]} 26. Qxe4 {[%emt 0:20:27]} Rxe4 {[%emt 0:09:20]} 27. Bxe4 {[%emt 0:09:50]} Qh5+ {[%emt 0:21:03]} 28. Kg1 {[%emt 0:20:58]} Qh2+ {[%emt 0:10:08]} 29. Kf1 {[%emt 0:21:18]} Qh1+ {[%emt 0:10:30]} 30. Ke2 {[%emt 0:21:42]} Qxg2+ {[%emt 0:10:57]} 31. Kd1 {[%emt 0:21:30]} Nf2+ {[%emt 0:11:06]} 32. Kc1 {[%emt 0:21:25]} Nxe4 {[%emt 0:11:25]} 33. Rfe3 {[%emt 0:21:35]} Qd2+ {[%emt 0:11:02]} 34. Kb1 {[%emt 0:21:57]} Nxc3+ {[%emt 0:11:27]} 35. bxc3 {[%emt 0:22:19]} a5 {[%emt 0:11:36]} 36. R1e2 {[%emt 0:22:09]} Qd1+ {[%emt 0:12:00]} 37. Kb2 {[%emt 0:22:35]} Ra6 {[%emt 0:11:52]} 38. g4 {[%emt 0:21:05]} a4 {[%emt 0:12:03]} 39. Re8+ {[%emt 0:20:59]} Kg7 {[%emt 0:12:29]} 40. Ka3 {[%emt 0:12:59]} Qc1+ {[%emt 0:12:43]} 41. Rb2 {[%emt 0:21:24]} Qxc3+ {[%emt 0:21:54] --- Bc8# --- Ra8# --- Bh2#} 0-1

[Event "Schachsommer 2019"]
[Site "Dresden"]
[Date "2019.08.15"]
[Round "6.1"]
[White "Kambrath, Yannick"]
[Black "Heimann, Andreas"]
[Result "1/2-1/2"]
[WhiteElo "2344"]
[BlackElo "2634"]
[Annotator "TA"]
[PlyCount "105"]
[EventDate "2019.08.10"]
[EventType "swiss"]
[EventCountry "GER"]
[SourceTitle "playchess.com"]
[Source "ChessBase"]
[SourceQuality "1"]

{[%evp 12,105,18,18,15,17,37,33,49,50,41,47,48,45,28,44,69,65,74,60,74,40,26,37,66,63,100,77,79,39,43,37,54,42,42,44,50,8,8,9,13,0,0,0,0,0,0,0,0,0,0,0,0,0,0,0,0,0,0,0,0,0,0,0,0,0,0,0,0,0,0,0,0,0,0,0,0,0,0,0,0,0,0,0,0,-10,0,-8,0,0,0,0,0,0,0,-8]} 1. d4 Nf6 2. Nf3 g6 3. g3 Bg7 4. Bg2 d5 5. O-O O-O 6. Nbd2 {[%cal Bb1d2,Bd2c4,Bc4e5][%mdl 32]} Nbd7 7. c4 c5 {D02: 1 d4 d5 2 Nf3 sidelines, including 2...Nf6 3 g3 and 2...Nf6 3 Bf4} (7... dxc4 8. Nxc4 Nb6 9. Nce5 c6 10. b3 Bf5 11. Bb2 Be4 12. Rc1 Nbd7 13. Bh3 Nxe5 14. Nxe5 Bh6 15. e3 Bd5 16. Ng4 Nxg4 17. Bxg4 {½-½ (30) Maze,S (2488)-Fressinet,L (2722) Orsay 2018}) 8. b3 dxc4 9. Nxc4 Nb6 $146 {White is slightly better.} ({Predecessor:} 9... Ne4 10. Bb2 Ndf6 11. Rc1 b6 12. dxc5 Qxd1 13. Rfxd1 Nxc5 14. Nd4 Bb7 15. Nc6 Bxc6 16. Bxc6 {½-½ (25) Larsen,O (2266)-Helledie,A (2244) Denmark 2009}) 10. Nce5 ({Of course not} 10. dxc5 Qxd1 11. Rxd1 Nxc4 $15) 10... cxd4 11. Bb2 Ng4 12. Bxd4 Nxe5 13. Bxe5 Bg4 {[#] And now ...Bxf3 would win.} 14. Bxg7 Kxg7 15. h3 Be6 16. Qd4+ Qxd4 17. Nxd4 Bc8 18. Rac1 Rd8 19. e3 e5 20. Nb5 Bd7 21. Nc7 Rab8 22. Rfd1 Rdc8 23. a4 Bc6 24. Na6 bxa6 {[%cal Bb7a6,Ba6a5][%mdl 32] The position is equal.} 25. Bxc6 {Black must now prevent a5.} a5 $1 26. Bb5 Rxc1 27. Rxc1 $11 {[%mdl 4096] Endgame KRB-KRN} Rc8 $1 {[%cal Rc8c1]} 28. Bc4 e4 29. Kf1 Kf6 30. Ke2 Ke5 31. Kd2 Rd8+ 32. Ke2 Rc8 33. Kd2 f5 34. Bf7 Rd8+ 35. Ke2 Rd7 36. Bg8 Rg7 37. Bc4 $1 Rc7 38. h4 h6 39. Kd2 Rd7+ 40. Ke2 Rc7 41. Kd2 g5 42. hxg5 hxg5 43. Ke2 Rc8 44. Rc2 f4 45. gxf4+ gxf4 46. exf4+ Kxf4 47. Rc3 Rc7 48. Rh3 Nxa4 49. f3 Nc3+ 50. Kd2 Nb1+ 51. Kc1 Na3 52. fxe4 Nxc4 53. Rc3 {[%mdl 64] Pin. Accuracy: White = 68%, Black = 74%.} 1/2-1/2

[Event "Schachsommer 2019"]
[Site "Dresden"]
[Date "2019.08.15"]
[Round "6.2"]
[White "Mkrtchian, Lilit"]
[Black "Efimenko, Zahar"]
[Result "1/2-1/2"]
[WhiteElo "2395"]
[BlackElo "2608"]
[Annotator "TA"]
[PlyCount "80"]
[EventDate "2019.08.10"]
[EventType "swiss"]
[EventCountry "GER"]
[SourceTitle "playchess.com"]
[Source "ChessBase"]
[SourceQuality "1"]

{[%evp 9,80,18,42,25,48,25,33,3,12,14,25,-13,18,17,23,4,29,23,35,-11,-13,-12,-15,-19,-11,-12,-12,-12,0,-29,-16,-39,-41,-35,-36,-81,-105,-95,-93,-112,-106,-152,-164,-171,-161,-173,-168,-194,-202,-182,-143,-181,-199,-230,-225,-225,9,18,10,10,7,16,27,13,40,0,6,0,35,0,33,0,43]} 1. d4 Nf6 2. c4 e6 3. Nf3 d5 4. Nc3 Nbd7 5. Qc2 dxc4 6. e4 {D37: Queen's Gambit Declined: 5 Bf4} a6 7. Bxc4 $146 ({Predecessor:} 7. e5 Nd5 8. Bxc4 Nxc3 9. Qxc3 Nb6 10. Bg5 Be7 11. Bxe7 Qxe7 12. Bb3 Nd5 13. Bxd5 exd5 {1-0 (60) Ivanchuk,V (2740)-Eljanov,P (2687) Foros 2008}) 7... b5 8. Be2 {White is slightly better.} Bb7 9. e5 Nd5 10. Bg5 Qc8 11. a4 h6 12. Bd2 Nb4 13. Qd1 bxa4 14. Qxa4 Be7 15. O-O O-O 16. Rfc1 Nb6 17. Qb3 Qd7 18. Be3 Rfb8 19. Nd2 N6d5 20. Na4 Nxe3 $40 {[%mdl 128] White needs to defend precisely.} 21. fxe3 Nd5 {Threatens to win with ...Bc6.} 22. Nc5 Bxc5 $1 23. Rxc5 Nf4 $1 {[%mdl 64] Double Attack} 24. Bf1 Bxg2 25. Qc2 {[#]} Bxf1 $1 26. Rxf1 Nd5 27. Rf3 Rb5 28. Rc4 Rab8 29. b3 Rb4 30. Rg3 Rxc4 31. bxc4 Ne7 32. Ne4 {[#] Strongly threatening Nf6+.} Kh8 $2 {[#]} ({Better is} 32... Ng6 $1 $19 33. Rg4 Rb4) 33. Rxg7 $1 $11 {[%mdl 512] White threatens Nf6 and mate.} Rg8 $1 {[%cal Rg8g7]} (33... Kxg7 $2 {perishes.} 34. Nf6 $18) 34. Rxg8+ Nxg8 35. Nc5 Qe7 36. Qf2 a5 37. Qg3 Kh7 38. Qf2 Kh8 39. Qg3 Kh7 40. Qf2 Kh8 {Accuracy: White = 40%, Black = 73%.} 1/2-1/2

[Event "Schachsommer 2019"]
[Site "Dresden"]
[Date "2019.08.15"]
[Round "6.3"]
[White "Jablonicky, Martin"]
[Black "Koelle, Tobias"]
[Result "1-0"]
[WhiteElo "2378"]
[BlackElo "2159"]
[Annotator "TA"]
[PlyCount "85"]
[EventDate "2019.08.10"]
[EventType "swiss"]
[EventCountry "GER"]
[SourceTitle "playchess.com"]
[Source "ChessBase"]
[SourceQuality "1"]

{[%evp 20,85,13,12,40,38,70,53,106,65,81,49,127,128,101,88,109,104,129,116,186,170,183,176,289,258,369,239,338,238,261,170,171,176,206,171,404,399,378,393,386,370,399,397,386,384,369,243,452,401,697,687,669,659,914,861,907,879,3114,3089,2254,1906,2818,2622,3275,2935,3421,2553]} 1. e4 e5 2. Nf3 Nc6 3. Bb5 a6 4. Ba4 Nf6 5. O-O Be7 6. Re1 b5 7. Bb3 O-O 8. a4 Bb7 9. d3 d6 10. Bd2 Qd7 11. Nc3 {[%cal Bb1c3,Bc3e2,Be2g3][%mdl 32]} b4 $146 {C88: Closed Ruy Lopez: Anti-Marshall Systems} (11... Na5 12. Ba2 b4 13. Nd5 Nxd5 14. exd5 c5 15. c3 b3 16. Bxb3 Nxb3 17. Qxb3 Rab8 18. d4 Ba8 19. Qa2 exd4 20. cxd4 {½-½ (59) Fedoseev,V (2659)-Nguyen,N (2634) Berlin 2015}) 12. Ne2 a5 13. Ng3 h6 (13... Rfb8 $14) 14. c3 bxc3 15. bxc3 d5 (15... Rfb8 $14) 16. exd5 $16 Nxd5 17. Rb1 Rab8 18. Bc4 (18. Nxe5 $6 Nxe5 19. Rxe5 Bf6 $11) 18... Nb6 {[#]} 19. Bb5 $1 ({Not} 19. Nxe5 Nxe5 20. Rxe5 Nxc4 $15) 19... Bd6 {[#]} (19... Qd5 $16) 20. Nxe5 $1 $18 {[%mdl 512]} Bxe5 {[#]} (20... Nxe5 21. Bxd7) 21. Rxe5 $1 {[%mdl 512]} Qd8 (21... Qd6 $142 22. Rh5 Ne7) (21... Nxe5 22. Bxd7) 22. Rh5 {Bxh6! is the strong threat.} Ne7 (22... Qf6 {was worth a try.} 23. d4 Ne7) 23. d4 f5 (23... Ng6 $142 24. Rc5 Ne7) 24. Bd3 f4 25. Nf5 ({Worse is} 25. Rxa5 fxg3 26. hxg3 Ned5 $14) 25... Nxf5 26. Bxf5 Qe8 {Strongly threatening ...Rxf5!} 27. Qg4 $36 {[%mdl 2048] Hoping for Re1. White is on the roll.} ({Don't do} 27. Bxf4 Rxf5 28. Rxf5 Qe4 $16) 27... Rf6 $2 (27... Bc8) 28. Re1 Qf8 29. Bxf4 Bc8 30. Bxc8 Rxf4 31. Be6+ Kh8 32. Qg3 Nxa4 33. Rxa5 Nb2 $2 (33... Re4 34. Re5 Rxe1+ 35. Rxe1 Qd6) 34. Rae5 Re8 (34... Rf6 $142 35. Ba2 Ra6) 35. Bd7 {White is clearly winning.} Rxe5 36. dxe5 Rf7 37. e6 {[%mdl 64] Discovered Attack} Re7 38. Rb1 Nc4 39. Qxc7 Qf5 40. Rb8+ Kh7 41. Qxc4 Qe5 42. Rb1 Qf5 43. Re1 {Accuracy: White = 88%, Black = 25%.} 1-0

[Event "Schachsommer 2019"]
[Site "Dresden"]
[Date "2019.08.15"]
[Round "6.4"]
[White "Dann, Matthias"]
[Black "Richter, Leonard"]
[Result "1-0"]
[WhiteElo "2527"]
[BlackElo "2284"]
[Annotator "TA"]
[PlyCount "75"]
[EventDate "2019.08.10"]
[EventType "swiss"]
[EventCountry "GER"]
[SourceTitle "playchess.com"]
[Source "ChessBase"]
[SourceQuality "1"]

{[%evp 20,75,91,88,83,97,92,104,106,101,108,112,118,114,146,137,146,147,285,270,341,318,297,306,367,357,359,353,327,239,241,239,233,220,231,242,383,395,376,310,313,307,310,302,316,289,528,557,662,673,1419,1364,1593,1588,1800,1795,1878,1890]} 1. c4 Nf6 2. Nc3 g6 3. e4 d6 4. d4 Bg7 5. Be2 O-O 6. Bg5 c5 7. d5 h6 8. Bf4 b5 9. cxb5 Qa5 10. Bd2 a6 11. a4 axb5 {E74: King's Indian: Averbakh Variation: 6...c5} 12. Bxb5 Ba6 13. Nge2 Nbd7 {White is better.} 14. O-O Qb6 15. Qc2 Ne5 16. b3 Ne8 $146 ({Predecessor:} 16... Rfb8 17. h3 Ne8 18. f4 Bxb5 19. Nxb5 {1-0 (40) Kryakvin,D (2560)-Belyakov,B (2470) Sochi 2017}) 17. Bxa6 Rxa6 18. Nb5 f5 (18... Nd7 $16) 19. exf5 $18 Rxf5 20. Ng3 Rf7 21. Bc3 Nf6 22. Bxe5 dxe5 23. Rad1 ({But not} 23. Qxg6 Nxd5 24. Qxb6 Rxb6 $18) 23... Kh7 24. Ne4 Nxe4 25. Qxe4 Rf4 26. Qc2 c4 27. b4 Bf8 (27... Qb7 $142 28. Ra1 Ra8) 28. g3 Rf5 29. Rd2 Ra8 30. Qxc4 Rxa4 31. Rb1 h5 32. Qc5 Qf6 $2 {[#]} (32... Rf6 33. Nc7 Rxb4 34. Qxb4 Qxc7) 33. Nc3 {White is clearly winning.} Ra3 34. b5 e4 35. Qxa3 e3 36. Ne4 exf2+ 37. Rxf2 Qd4 38. Qb4 {Accuracy: White = 93%, Black = 34%.} 1-0

[Event "Schachsommer 2019"]
[Site "Dresden"]
[Date "2019.08.15"]
[Round "6.5"]
[White "Wichmann, Cliff"]
[Black "Nothnagel, Marian Can"]
[Result "1/2-1/2"]
[WhiteElo "2280"]
[BlackElo "2388"]
[Annotator "TA"]
[PlyCount "60"]
[EventDate "2019.08.10"]
[EventType "swiss"]
[EventCountry "GER"]
[SourceTitle "playchess.com"]
[Source "ChessBase"]
[SourceQuality "1"]

{[%evp 14,60,35,19,50,1,9,12,0,-27,-26,-18,-21,-13,-15,-23,-20,-43,-40,-61,-66,-68,-98,-81,-34,-35,-18,-35,-17,-24,-22,-18,0,-52,0,-19,0,0,0,0,0,0,0,0,0,0,0,0,0]} 1. d4 Nf6 2. c4 g6 3. Nf3 Bg7 4. g3 O-O 5. Bg2 d6 6. O-O Nc6 7. Nc3 a6 8. Bf4 h6 {E63: King's Indian: Fianchetto: Panno Variation with 7...a6} (8... Rb8 9. Rc1 h6 10. d5 e5 11. Bd2 Ne7 12. e4 Nd7 13. Ne1 f5 14. Nd3 Nf6 15. f4 Nxe4 16. Nxe4 fxe4 17. Bxe4 exf4 18. Nxf4 {½-½ (56) Tregubov,P (2575)-Amin,B (2689) Riadh 2017}) 9. Rc1 g5 10. Be3 Ng4 11. Qd3 Nxe3 $146 ({Predecessor:} 11... e5 12. dxe5 Ncxe5 13. Nxe5 Nxe5 14. Qe4 Be6 15. b3 c6 16. Rfd1 {1-0 (86) Sparenberg,E (2140)-Hoffman,R (2074) Hoogeveen 2016}) 12. fxe3 Bd7 13. d5 Ne5 14. Nxe5 Bxe5 15. Be4 c5 16. Rf2 {[#]} b5 $1 {[%mdl 512]} 17. Rcf1 (17. cxb5 axb5) 17... Bh3 18. Bg2 Qd7 19. b3 Kg7 20. Ne4 bxc4 21. Qxc4 a5 22. Bxh3 Qxh3 23. Rf5 (23. Nd2 $11) 23... Rab8 (23... f6 $15) 24. Qd3 {The position is equal.} f6 25. Nd2 Bxg3 26. hxg3 Qxg3+ 27. Kh1 Qh3+ 28. Kg1 Qg3+ 29. Kh1 Qh3+ 30. Kg1 Qg3+ {Accuracy: White = 56%, Black = 67%.} 1/2-1/2

[Event "Schachsommer 2019"]
[Site "Dresden"]
[Date "2019.08.15"]
[Round "7.1"]
[White "Heimann, Andreas"]
[Black "Jablonicky, Martin"]
[Result "1/2-1/2"]
[WhiteElo "2634"]
[BlackElo "2378"]
[Annotator "TA"]
[PlyCount "94"]
[EventDate "2019.08.10"]
[EventType "swiss"]
[EventCountry "GER"]
[SourceTitle "playchess.com"]
[Source "ChessBase"]
[SourceQuality "1"]

{[%evp 22,94,11,12,24,15,12,0,30,26,13,6,35,37,31,33,75,76,74,92,75,84,109,110,108,108,106,108,108,108,108,108,108,108,108,101,108,108,108,100,101,47,65,0,84,83,83,84,88,85,87,89,84,70,89,63,81,70,108,100,153,163,170,170,170,153,148,17,31,18,22,0,8,8,8]} 1. d4 Nf6 2. c4 g6 3. Nc3 d5 4. Bf4 Bg7 5. e3 O-O 6. cxd5 Nxd5 7. Nxd5 Qxd5 8. Bxc7 Na6 9. Bxa6 Qxg2 10. Qf3 Qxf3 11. Nxf3 bxa6 12. Rc1 f6 {D84: Grünfeld: 4 Bf4 Bg7 5 e3 0-0 6 cxd5} 13. Rg1 Rf7 14. Ba5 {[#]} e5 $146 ({Predecessor:} 14... e6 15. Nd2 Bb7 16. Nc4 e5 17. Nd6 Rd7 18. dxe5 fxe5 19. Nxb7 Rxb7 20. b3 {1-0 (38) Meier,G (2644)-Heimann,A (2591) Dresden 2017}) 15. dxe5 fxe5 16. Ng5 Re7 17. Ne4 Bf5 18. f3 Rb7 {Threatens to win with ...Bxe4.} 19. Nd6 Rxb2 {...Bd3 is the strong threat.} 20. Nxf5 gxf5 21. Bc3 $1 {[%cal Rc3b2]} Rb5 {[#]} 22. Bxe5 $1 {[%mdl 512]} Rxe5 {[#]} 23. Rc7 $1 Rxe3+ 24. Kf2 Ra3 25. Rgxg7+ $16 {[%mdl 4160] Endgame Double Attack. KRR-KRR} Kh8 26. Rxh7+ Kg8 27. Rcg7+ ({Don't play} 27. Rxa7 $6 Rxa7 28. Rxa7 f4 $11) 27... Kf8 28. Rg5 {aiming for Rh8+.} ({Reject} 28. Rxa7 $6 Rxa7 29. Rxa7 f4 $11) 28... Re8 29. Rxf5+ Kg8 30. Rff7 Re6 31. Rhg7+ Kh8 32. Rh7+ Kg8 33. Rfg7+ Kf8 34. Rxa7 {[%cal Rh7h8]} Kg8 35. Rag7+ Kf8 36. Rf7+ Kg8 37. Rhg7+ Kh8 38. Rg4 Rxa2+ 39. Kg3 Rae2 40. Ra7 R2e5 (40... Rh6 $142) 41. Rh4+ Kg8 42. Rc4 Rf5 43. h4 Rf8 44. h5 (44. Rf4 $16) 44... Re5 $11 45. Kg4 {And now Rcc7 would win.} ({Resist} 45. Rxa6 Rxh5 46. f4 Rh1 $16) 45... Re1 {The position is equal.} 46. h6 Rg1+ 47. Kh5 {Intending Rg4+ and mate.} Rf1 {Accuracy: White = 67%, Black = 56%.} 1/2-1/2

[Event "Schachsommer 2019"]
[Site "Dresden"]
[Date "2019.08.15"]
[Round "7.2"]
[White "Kambrath, Yannick"]
[Black "Dann, Matthias"]
[Result "1/2-1/2"]
[WhiteElo "2344"]
[BlackElo "2527"]
[Annotator "ChessBase"]
[PlyCount "87"]
[EventDate "2019.08.10"]
[EventType "swiss"]
[EventCountry "GER"]
[SourceTitle "playchess.com"]
[Source "ChessBase"]
[SourceQuality "1"]
[TimeControl "40/5400+30:1800+30"]

1. d4 {[%emt 1:30:28]} Nf6 {[%emt 1:30:20]} 2. Nf3 {[%emt 1:30:53]} e6 {[%emt 1:30:40]} 3. c4 {[%emt 1:30:34]} b6 {[%emt 1:31:04]} 4. g3 {[%emt 1:31:34]} Bb7 {[%emt 1:29:31]} 5. Bg2 {[%emt 1:31:09]} Be7 {[%emt 1:29:54]} 6. O-O {[%emt 1:31:34]} O-O {[%emt 1:30:20]} 7. Nc3 {[%emt 1:32:01]} Ne4 {[%emt 1:30:44]} 8. Bd2 {[%emt 1:32:27]} d5 {[%emt 1:31:07]} 9. Qc2 {[%emt 1:26:09]} Nd7 {[%emt 1:26:39]} 10. cxd5 {[%emt 1:22:48]} exd5 {[%emt 1:27:20]} 11. Bf4 {[%emt 1:14:51]} c5 {[%emt 1:21:31]} 12. Rfd1 {[%emt 1:22:01]} Rc8 {[%emt 1:17:34]} 13. dxc5 {[%emt 1:04:37]} Ndxc5 {[%emt 1:12:37]} 14. Nxe4 {[%emt 0:58:18]} Nxe4 {[%emt 1:13:00]} 15. Qb3 {[%emt 0:58:11]} Nc5 {[%emt 1:06:49]} 16. Qc2 {[%emt 0:57:19]} Ne6 {[%emt 1:01:57]} 17. Qd2 {[%emt 0:52:36]} Nxf4 {[%emt 0:58:18]} 18. gxf4 {[%emt 0:48:52]} Bf6 {[%emt 0:55:38]} 19. Ne5 {[%emt 0:56:08]} Bxe5 {[%emt 0:40:41]} 20. fxe5 {[%emt 0:34:54]} Qe7 {[%emt 0:41:08]} 21. f4 {[%emt 0:29:47]} Rcd8 {[%emt 0:41:34]} 22. Rac1 {[%emt 0:28:21]} f6 {[%emt 0:41:42]} 23. Qd4 {[%emt 0:27:49]} fxe5 {[%emt 0:42:07]} 24. Qxe5 {[%emt 0:28:05]} Qxe5 {[%emt 0:33:38]} 25. fxe5 {[%emt 0:28:34]} Rd7 {[%emt 0:34:01]} 26. e6 {[%emt 0:20:26]} Re7 {[%emt 0:34:25]} 27. Bxd5 {[%emt 0:34:25]} Bxd5 {[%emt 0:20:56]} 28. Rxd5 {[%emt 0:20:53]} Rxe6 {[%emt 0:35:11]} 29. Rd7 {[%emt 0:21:11]} a5 {[%emt 0:33:20]} 30. Rc3 {[%emt 0:17:15]} h6 {[%emt 0:31:14]} 31. a4 {[%emt 0:11:47]} Rf4 {[%emt 0:29:01]} 32. Rg3 {[%emt 0:05:47]} Rf7 {[%emt 0:29:03]} 33. Rxf7 {[%emt 0:05:49]} Kxf7 {[%emt 0:29:29]} 34. Kf2 {[%emt 0:05:40]} Re4 {[%emt 0:06:10]} 35. Rb3 {[%emt 0:05:37]} Rb4 {[%emt 0:27:33]} 36. Rxb4 {[%emt 0:03:37]} axb4 {[%emt 0:27:59]} 37. Kf3 {[%emt 0:03:39]} g5 {[%emt 0:27:59]} 38. Ke4 {[%emt 0:03:22]} Ke6 {[%emt 0:27:53]} 39. Kd4 {[%emt 0:01:32]} h5 {[%emt 0:27:15]} 40. Ke4 {[%emt 0:01:46]} b3 {[%emt 0:24:08]} 41. Kd4 {[%emt 0:26:21]} Kd6 {[%emt 0:26:51]} 42. Ke4 {[%emt 0:45:21]} Ke6 {[%emt 0:45:18]} 43. Kd4 {[%emt 0:26:50]} Kd6 {[%emt 0:27:20]} 44. Ke4 {[%emt 0:45:26]} 1/2-1/2